000 00816nam a2200217Ia 4500
003 CO-CtgCURN
005 20250407183455.0
008 190722s9999 xx 000 0 und d
020 _a9586555410
040 _aCO-CtgCURN
_bspa
_ccoctgcurn
082 _a342.986
_bH565i
100 _aHerrera Gómez, Ana Lucia
245 0 _aLa inaplicabilidad en la jurisdiccion constitucional /
_cAna Lucia Herrera Gómez, Diego Martínez Marulanda, Jorge Restrepo Morales
260 _aMedellín, Antioquia :
_bUniversidad de Antioquia,
_c2002
300 _a130 páginas ;
_c24 centímetros
521 _aAREA PROFESIONAL
590 _aPrograma de Derecho_18
650 _aDerecho constitucional
942 _cBK
_h342.986
_iH565i
_2ddc
_n0
999 _c28560
_d28560